Sports Quiz

Random Sports Quiz

Funniest Athlete Names Quiz Stats

 Plays Quiz not verified by Sporcle

Challenge
Share
Tweet
Embed
Score 0/27 Timer 15:00
0 Plays Today
Sport / Last 3 Teams Athlete % Correct
NFL - PackersHa Ha Clinton-Dix
50%
MLB - Diamondbacks, Yankees, GiantsRandy Johnson
46.5%
NBA - Lakers Magic Johnson
40.8%
MLB - Padres, Rangers, CubsMilton Bradley
29.4%
NFL - BearsDick Butkus
28%
NASCAR Dick Trickle
17.4%
MLB - White Sox, Twins, TigersRusty Kuntz
13.8%
NFL - Rams, GiantsMadison Hedgecock
13.5%
Soccer - Manchester United, Newcastle United, Birmingham CityNicky Butt
12.4%
NBA - Raptors, SpursMatt Bonner
11%
NHL - Sabres, Islanders, PenguinsMiroslav Satan
10.6%
MLB - Braves, Mariners, RoyalsGaylord Perry
10.3%
NBA - Warriors, Rockets, CavaliersWorld B. Free
8.2%
NHL - Devils, BlackhawksJohn Madden
7.4%
Sport / Last 3 Teams Athlete % Correct
Soccer - Hull City, Oldham, DarlingtonDean Windass
4.6%
Soccer - QPR, Watford, Bolton WanderersDanny Shittu
4.3%
NBA - WizardsGod Shammgod
3.9%
NHL - Penguins, Blue Jackets, StarsRon Tugnutt
2.8%
NFL - ColtsCraphonso Thorpe
2.5%
NASCAR Lake Speed
2.5%
MLB - Phillies, Rangers, BrewersDickie Thon
1.8%
NBA - Hawks, Bucks, 76ersRoyal Ivey
1.8%
NHL - Islanders, Flyers, ThrashersAlexei Zhitnik
1.8%
NFL - Patriots, Lions, JaguarsHarry Colon
1.4%
Soccer - Cruzeiro, SC Ulbra, Zhejiang LuchengArgélico ****
1.4%
Soccer - Independiente, Las PalmasFabian Assmann
1.1%
NHL - Sabres, KingsLarry Playfair
0.7%

You're not logged in!

Compare scores with friends on all Sporcle quizzes.
Join for Free
OR
Log In

You Might Also Like...

Show Comments

Extras

Top Quizzes Today


Score Distribution

Your Account Isn't Verified!

In order to create a playlist on Sporcle, you need to verify the email address you used during registration. Go to your Sporcle Settings to finish the process.

Report this User

Report this user for behavior that violates our Community Guidelines.

Details: